[Event "CAN-ch U08"]
[Site "Windsor"]
[Date "2016.07.06"]
[Round "3.125"]
[White "Cheng, Adam"]
[Black "Puri, Arjun"]
[Result "1-0"]
[WhiteElo "737"]
[BlackElo "565"]
[PlyCount "59"]
[EventDate "2016.07.05"]
[EventType "swiss"]
[EventRounds "7"]
[EventCountry "CAN"]
[SourceTitle "EXT 2022"]
[Source "ChessBase"]
[SourceDate "2021.10.06"]
[SourceVersion "1"]
[SourceVersionDate "2021.10.06"]
[SourceQuality "1"]

1. d3 e5 2. Nf3 Nf6 3. g3 Nc6 4. Bg2 Bc5 5. 0-0 0-0 6. Bg5 h6 7. Bxf6 Qxf6 8. c4 e4 9. dxe4 Re8 10. Nc3 h5 11. Nd5 Qg6 12. Nd2 h4 13. Nf4 Qd6 14. gxh4 Qxf4 15. e3 Qe5 16. f4 Qd6 17. e5 Bxe3+ 18. Kh1 Rxe5 19. fxe5 Qxe5 20. Qf3 Bc5 21. Qxf7+ Kh8 22. Qf8+ Kh7 23. Nf3 Qd5 24. cxd5 Bxf8 25. dxc6 bxc6 26. Ng5+ Kg6 27. Be4+ Kh6 28. Nf7+ Kh5 29. Rf4 g6 30. Bf3# 1-0